| 000 | 00651nam a22001937a 4500 | ||
|---|---|---|---|
| 005 | 20250211150343.0 | ||
| 010 | _aENG-143701 | ||
| 020 |
_a9789386761781 _c795.00 |
||
| 035 | _aEN-127233 | ||
| 037 | _bDBAD | ||
| 082 | _a915.46 | ||
| 100 |
_aKaul B.L _977492 |
||
| 245 |
_aThe Great Karakoram Range/ _cKaul B.L _bA Strategic Geopolitical and Geological Scenario |
||
| 260 |
_aDelhi _bAne Books Pvt. Ltd. _c2019 |
||
| 270 |
_a4821, Parwana Bhawan, 1st floor, 24 Ansari Road, Darya Ganj _bDelhi _e110002 _k23276863 _mkapoor@anebooks.com |
||
| 300 |
_a118p. _c23cm (Hb) |
||
| 700 |
_aB.L Kaul _977485 |
||
| 942 |
_cEN _2ddc _h915.46 _mKAU |
||
| 999 |
_c208984 _d208984 |
||